A textbook of applied engineering geology / (Record no. 13869)

MARC details
000 -LEADER
fixed length control field 00758nam a22001937a 4500
008 - FIXED-LENGTH DATA ELEMENTS--GENERAL INFORMATION
fixed length control field 100411t xxu||||| |||| 00| 0 eng d
020 ## - INTERNATIONAL STANDARD BOOK NUMBER
International Standard Book Number 9788122421637
020 ## - INTERNATIONAL STANDARD BOOK NUMBER
International Standard Book Number 8122421636
082 ## - DEWEY DECIMAL CLASSIFICATION NUMBER
Edition number 22
Classification number 624.1510954
Item number RED
100 ## - MAIN ENTRY--PERSONAL NAME
Personal name Reddy, M.T. Maruthesha.
9 (RLIN) 13442
245 ## - TITLE STATEMENT
Title A textbook of applied engineering geology /
Statement of responsibility, etc M.T. Maruthesha Reddy.
260 ## - PUBLICATION, DISTRIBUTION, ETC. (IMPRINT)
Place of publication, distribution, etc New Delhi :
Name of publisher, distributor, etc New age international,
Date of publication, distribution, etc c.[2009].
300 ## - PHYSICAL DESCRIPTION
Extent 263p:
Other physical details ill;
Dimensions 25 cm.
500 ## - GENERAL NOTE
General note Includes Index.
650 ## - SUBJECT ADDED ENTRY--TOPICAL TERM
Topical term or geographic name as entry element Engineering geology --India.
9 (RLIN) 13443
650 ## - SUBJECT ADDED ENTRY--TOPICAL TERM
Topical term or geographic name as entry element Applied Engineering - geology --India.
9 (RLIN) 13444
942 ## - ADDED ENTRY ELEMENTS (KOHA)
Source of classification or shelving scheme Dewey Decimal Classification
Item type Book - Borrowing
Holdings
Withdrawn status Item status Source of classification or shelving scheme Damaged status Not for loan Vendor Home library Current library Shelving location Date acquired Source of acquisition Cost, normal purchase price Serial Enumeration / chronology Total Checkouts Full call number Barcode Date last seen Koha item type
    Dewey Decimal Classification     Alahram Central Library Central Library First floor 12/04/2010   39.50 36   624.1510954 RED 000020456 15/07/2025 Book - Borrowing